[Event "Quebec-ch U20"]
[Site "Montreal"]
[Date "2011.02.12"]
[Round "3"]
[White "Manailoiu, Dragos"]
[Black "Yu, Kexin"]
[Result "0-1"]
[WhiteElo "1503"]
[BlackElo "1631"]
[PlyCount "84"]
[EventDate "2011.02.11"]
[EventType "swiss"]
[EventRounds "5"]
[EventCountry "CAN"]
[SourceTitle "EXT 2013"]
[Source "ChessBase"]
[SourceDate "2012.11.22"]
[SourceVersion "1"]
[SourceVersionDate "2012.11.22"]
[SourceQuality "1"]

1. d4 Nf6 2. c4 g6 3. Nc3 Bg7 4. e4 d6 5. Nf3 0-0 6. Be2 e5 7. 0-0 exd4 8. Nxd4 Re8 9. Bg5 h6 10. Bxf6 Bxf6 11. Nd5 Rxe4 12. Nb5 Na6 13. Bd3 Re8 14. Nbc3 Bg7 15. Qd2 Bd7 16. f4 Bd4+ 17. Kh1 c6 18. Bc2 Bg7 19. Ne3 Qb6 20. Ned1 Be6 21. f5 gxf5 22. Bxf5 Bxc4 23. Rf4 Be6 24. Na4 Qc7 25. Ne3 d5 26. Raf1 Re7 27. Bg4 Rae8 28. Nf5 Bxf5 29. Bxf5 Qe5 30. Bd3 Nc7 31. Qf2 Rf8 32. Bg6 Qe6 33. Bh5 b6 34. Qg3 Ne8 35. Nc3 Qe5 36. Qf3 Nf6 37. Rf5 Qe6 38. Nd1 Nxh5 39. Qxh5 Qe2 40. Qh4 Re4 41. Qg3 Qg4 42. Qd3 Rd4 0-1

[Event "Quebec-ch U20"]
[Site "Montreal"]
[Date "2011.02.11"]
[Round "1"]
[White "Zhu, Hong Rui"]
[Black "Yu, Kexin"]
[Result "0-1"]
[WhiteElo "2062"]
[BlackElo "1631"]
[PlyCount "120"]
[EventDate "2011.02.11"]
[EventType "swiss"]
[EventRounds "5"]
[EventCountry "CAN"]
[SourceTitle "EXT 2013"]
[Source "ChessBase"]
[SourceDate "2012.11.22"]
[SourceVersion "1"]
[SourceVersionDate "2012.11.22"]
[SourceQuality "1"]

1. e4 e5 2. Nf3 Nc6 3. Bb5 a6 4. Ba4 Nf6 5. 0-0 b5 6. Bb3 Be7 7. Re1 0-0 8. h3 d6 9. c3 Na5 10. Bc2 c5 11. d4 Nc6 12. d5 Na5 13. Nbd2 Re8 14. Nf1 Bf8 15. Ne3 g6 16. b4 Nb7 17. a4 Bd7 18. a5 Nh5 19. Nf1 Rc8 20. Bd2 Bg7 21. Rc1 c4 22. Be3 Qe7 23. Qd2 Qf8 24. Bd1 Bh8 25. Bh6 Bg7 26. Be3 Bh8 27. g4 Ng7 28. Bh6 Qe7 29. Ng3 f6 30. Qe3 Nd8 31. Qd2 Nf7 32. Be3 f5 33. gxf5 gxf5 34. exf5 Nxf5 35. Kh2 Bf6 36. Bc2 Ng7 37. Rg1 Kh8 38. Ne4 Rb8 39. Nfg5 Nxg5 40. Bxg5 Bxg5 41. Rxg5 Rg8 42. Ng3 Qf7 43. Rg1 Rbf8 44. Rg2 Bc8 45. Be4 Ne8 46. h4 Nf6 47. Kg1 Bb7 48. f3 Bxd5 49. Nf5 Qe6 50. Bxd5 Nxd5 51. Ng7 Qf7 52. Rf5 Qb7 53. Rxf8 Rxf8 54. Qh6 Qf7 55. Qxd6 Nf4 56. Rg5 Nh3+ 57. Kh2 Nxg5 58. hxg5 Qxg7 59. Qxa6 Qxg5 60. Qxb5 Rg8 0-1

[Event "North American-ch U14 Girls"]
[Site "Montreal"]
[Date "2010.08.16"]
[Round "2"]
[White "Yu, Kexin"]
[Black "Regam, Jessica"]
[Result "1/2-1/2"]
[WhiteElo "1381"]
[BlackElo "1941"]
[PlyCount "112"]
[EventDate "2010.08.16"]
[EventType "tourn"]
[EventRounds "7"]
[EventCountry "CAN"]
[SourceTitle "EXT 2013"]
[Source "ChessBase"]
[SourceDate "2012.11.22"]
[SourceVersion "1"]
[SourceVersionDate "2012.11.22"]
[SourceQuality "1"]

1. c4 Nf6 2. Nc3 g6 3. Nf3 Bg7 4. g3 0-0 5. Bg2 d6 6. 0-0 c6 7. d3 Qa5 8. Bd2 Qh5 9. Re1 Bh3 10. Bh1 h6 11. b4 Nbd7 12. a4 Ng4 13. b5 Rac8 14. Ra2 f5 15. e4 e5 16. Qb3 Nc5 17. Qc2 Rf7 18. bxc6 bxc6 19. exf5 gxf5 20. Nh4 f4 21. Nd1 fxg3 22. hxg3 Ne6 23. Bc3 Nd4 24. Bxd4 exd4 25. f3 Ne5 26. Nf2 Nxf3+ 27. Nxf3 Rxf3 28. Bxf3 Qxf3 29. Nxh3 Qxg3+ 30. Kf1 Qxh3+ 31. Ke2 Qg4+ 32. Kd2 h5 33. Kc1 Qg3 34. Qe2 Qe3+ 35. Qxe3 dxe3 36. Rh2 Re8 37. Rxh5 Re5 38. Rh2 Kf7 39. Kc2 Re7 40. Rh3 Bd4 41. Re2 Ke8 42. Rh4 c5 43. Rg4 Kd7 44. Rg1 Kc6 45. Rb1 Rb7 46. Rb5 a6 47. Rxb7 Kxb7 48. a5 Kc6 49. Re1 Kb7 50. Rb1+ Ka7 51. Rb6 Be5 52. Kd1 Bc3 53. Rxd6 Bxa5 54. Rc6 Bb4 55. Ke2 Kb7 56. Re6 Bd2 1/2-1/2

[Event "CAN-ch U14 Girls"]
[Site "Windsor"]
[Date "2010.07.06"]
[Round "1"]
[White "Yu, Kexin"]
[Black "Kalaydina, Regina Veronicka"]
[Result "0-1"]
[WhiteElo "1384"]
[BlackElo "1957"]
[PlyCount "168"]
[EventDate "2010.07.06"]
[EventType "swiss"]
[EventRounds "7"]
[EventCountry "CAN"]
[SourceTitle "EXT 2012"]
[Source "ChessBase"]
[SourceDate "2011.11.24"]
[SourceVersion "1"]
[SourceVersionDate "2011.11.24"]
[SourceQuality "1"]

1. c4 e5 2. Nc3 Nf6 3. d3 d5 4. cxd5 Nxd5 5. Nf3 Nc6 6. g3 Be6 7. Bg2 Be7 8. 0-0 0-0 9. a3 a5 10. Rb1 Nb6 11. Bd2 a4 12. Be3 Bb3 13. Qc1 Nd5 14. Nxd5 Bxd5 15. Bc5 f6 16. Rd1 Bxc5 17. Qxc5 Ra5 18. Qc3 Qe7 19. Rbc1 Rd8 20. Nd2 Bxg2 21. Kxg2 Qf7 22. Ne4 Qd5 23. Kg1 Nd4 24. Qe1 c6 25. Rc4 Raa8 26. Nc3 Qe6 27. Rxa4 Rxa4 28. Nxa4 Qb3 29. Nc5 Qxb2 30. Rd2 Qb5 31. Ne4 Qa5 32. Qc1 Kh8 33. Qb2 b6 34. Qb4 Ra8 35. Rb2 Nb5 36. Nd6 Qxb4 37. Rxb4 Nxd6 38. Rxb6 Rc8 39. a4 Kg8 40. a5 Kf7 41. a6 Ke6 42. a7 Ra8 43. Rxc6 Rxa7 44. f4 exf4 45. gxf4 Kd5 46. Rc2 f5 47. Kf2 Nb5 48. e3 Ra3 49. Ke2 Kd6 50. Rb2 Nc3+ 51. Kd2 Nd5 52. Ke2 Kc6 53. h3 Ra4 54. Kf3 Nb4 55. Rb3 Nd5 56. e4 Nf6 57. Rc3+ Kd7 58. e5 Nd5 59. Rc4 Rxc4 60. dxc4 Ne7 61. Ke3 Kc6 62. Kd4 Ng6 63. e6 Nxf4 64. Ke5 Nxe6 65. Kxf5 Nd4+ 66. Ke4 Kc5 67. Kd3 Nf3 68. Ke3 Ne5 69. Ke4 Nxc4 70. Kf5 Kd5 71. Kg5 Ke5 72. h4 Nd6 73. Kh5 Nf5 74. Kg5 Nxh4 75. Kxh4 Kf4 76. Kh3 g5 77. Kg2 g4 78. Kf2 g3+ 79. Kg2 Kg4 80. Kg1 h5 81. Kg2 h4 82. Kg1 Kf3 83. Kh1 h3 84. Kg1 g2 0-1

[Event "CAN-ch U14 Girls"]
[Site "Victoria"]
[Date "2009.07.22"]
[Round "5"]
[White "Yun, Chang"]
[Black "Yu, Kexin"]
[Result "1/2-1/2"]
[WhiteElo "1174"]
[BlackElo "1384"]
[PlyCount "57"]
[EventDate "2009.07.21"]
[EventType "swiss"]
[EventRounds "7"]
[EventCountry "CAN"]
[SourceTitle "EXT 2011"]
[Source "ChessBase"]
[SourceDate "2010.11.26"]
[SourceVersion "1"]
[SourceVersionDate "2010.11.26"]
[SourceQuality "1"]

1. e4 e5 2. Nf3 Nc6 3. d4 exd4 4. Bc4 Nf6 5. 0-0 Bc5 6. e5 d5 7. exd6 Qxd6 8. Re1+ Be6 9. Ng5 Nd8 10. Qe2 0-0 11. Nxe6 Nxe6 12. Bxe6 fxe6 13. Qxe6+ Qxe6 14. Rxe6 Rae8 15. Rxe8 Rxe8 16. Kf1 Bb4 17. Bd2 Bc5 18. Bg5 Ne4 19. Bd2 d3 20. f3 dxc2 21. fxe4 cxb1Q+ 22. Rxb1 Rxe4 23. Bc3 Rf4+ 24. Ke1 Rf2 25. Rd1 Bb6 26. Rd8+ Rf8 27. Rd7 Rf7 28. Rd8+ Rf8 29. Rd7 1/2-1/2